Obfuscations of Movie Titles #3 - Statistics

General Stats
  • This quiz has been taken 34,102 times
  • The average score is 9 of 16
Answer Stats
Obfuscation Movie % Correct
Male monarch of the species Panthera leo The Lion King
97%
Person from the United States with a personality disorder characterized byantisocial behavior and an inability to feel remorse American Psycho
75%
The below average size creature whose upper extremities are human and whose lower extremities are piscine The Little Mermaid
75%
The person suffering from severe kyphosis who inhabits the cathedralof the archdiocese of Paris The Hunchback ofNotre-Dame
67%
The fear-inducing REM cycle which occurs prior to the Yuletide season The Nightmare Before Christmas
66%
Refrain from casting your visual attention to a higher position on the vertical plane Don't Look Up
62%
Digit of the upper body consisting of element with atomic symbol Au Goldfinger
60%
Aerosolized polymers applied to follicles on the head for cosmetic purposes Hairspray
60%
Association of those who celebrate deceased bards Dead Poets Society
57%
Nocturnal time period during which previously deceased people experience a renewal of life functions The Night of the Living Dead
50%
Institute of tertiary education for legendary, fear-inducing creatures Monsters University
46%
This is a medical procedure to remove cerebrospinal fluid from the lumbar region This is Spinal Tap
39%
The codex regarding a tropical forested area receiving at least 168 cm of rain per annum The Jungle Book
37%
Large amount of disorder in an Asian enclave of a Western city Big Trouble in Little China
29%
The multidimensional array of mathematical elements The Matrix
27%
Person who resists authority and social convention yet does not support a specific program of political action Rebel Without a Cause
19%
No matching quizzes found
Score Distribution
Percent of People with Each Score
Percentile by Number Answered
Your Score History
You have not taken this quiz